000 00341nam a2200145Ia 4500
008 230917s9999||||xx |||||||||||||| ||und||
040 _e227275
_aMAIN
041 _aEnglish
082 _a362.1068 S 73 A
100 _aSarita
245 0 _aAnalysis of health care services in Haryana.
260 _c2015
300 _a83 p.
942 _cTH
999 _c126517
_d126517